Elfogadott javaslatok Újítók a ruhagyárban /
Elmentve itt :
| Szerző: | |
|---|---|
| Dokumentumtípus: | Cikk |
| Megjelent: |
1981-05-28
|
| Sorozat: | Délmagyarország
71 No. 123 |
| Kulcsszavak: | ruhaipar |
| Online Access: | http://dmarchiv.bibl.u-szeged.hu/106917 |
| LEADER | 00461nab a2200157 i 4500 | ||
|---|---|---|---|
| 001 | delm106917 | ||
| 005 | 20190618092929.0 | ||
| 008 | 190618s1981 hu o 0|| hun d | ||
| 040 | |a SZTE Délmagyarország Archívum |b hun | ||
| 041 | |a hun | ||
| 100 | 1 | |a Petri Ferenc | |
| 245 | 1 | 0 | |a Elfogadott javaslatok |h [elektronikus dokumentum] : |b Újítók a ruhagyárban / |c Petri Ferenc |
| 260 | |c 1981-05-28 | ||
| 300 | |a 1 | ||
| 490 | 0 | |a Délmagyarország |v 71 No. 123 | |
| 695 | |a ruhaipar | ||